| 000 | 00485cam a2200169ua 4500 | ||
|---|---|---|---|
| 003 | OSt | ||
| 008 | 250602b |||||||| |||| 00| 0 eng d | ||
| 020 | _a9789380358659 | ||
| 082 |
_a624.171 _bSHA/ME |
||
| 100 |
_aShah, H J . _9535 |
||
| 100 |
_aJunnarkar, S B . _9536 |
||
| 245 | _aMechanics of structures, vol.1 (Strength of Materials)(Entirely in SI Units) | ||
| 250 | _a27 / 30 | ||
| 260 |
_aAnand : _bCharotar Publishing House Pvt.Ltd _c2012 |
||
| 300 |
_a987 _e`. |
||
| 942 | _cBK | ||
| 999 |
_c13084 _d13084 |
||